000 00306nam a2200133Ia 4500
008 230719s9999 xx 000 0 und d
041 _aeng
082 _a155.64
_bKHE
100 _aKhera S.
_9106205
245 _aYou Can Win
260 _bMacmillan
365 _cRs.
_b163.00
700 _aKhera S.
_9106205
999 _c354510
_d354510